Natural rubber : Current developments in product manufacture and applications : A report of the proceedings of the International Rubber Technology conference 1993 held in Kuala Lumpur,Malaysia from 14 to 16 June 1993 organised by the Rubber Research Institute of Malaysia (Record no. 40860)

MARC details
000 -LEADER
fixed length control field 01028nam a2200289Ia 4500
082 ## - DEWEY DECIMAL CLASSIFICATION NUMBER
Classification number NR:063RT1993
Item number RRM;1
245 #0 - TITLE STATEMENT
Title Natural rubber : Current developments in product manufacture and applications : A report of the proceedings of the International Rubber Technology conference 1993 held in Kuala Lumpur,Malaysia from 14 to 16 June 1993 organised by the Rubber Research Institute of Malaysia
260 ## - PUBLICATION, DISTRIBUTION, ETC. (IMPRINT)
Place of publication Kuala Lumpur
Name of publisher RRIM
Year of publication 1993
505 ## - FORMATTED CONTENTS NOTE
Formatted contents note set price
650 ## - SUBJECT ADDED ENTRY--TOPICAL TERM
Topical Term Abrasion tests
650 ## - SUBJECT ADDED ENTRY--TOPICAL TERM
Topical Term Deprotenised N R latex
650 ## - SUBJECT ADDED ENTRY--TOPICAL TERM
Topical Term Earthquake protection
650 ## - SUBJECT ADDED ENTRY--TOPICAL TERM
Topical Term Epoxidised N R
650 ## - SUBJECT ADDED ENTRY--TOPICAL TERM
Topical Term Ingection moulding
650 ## - SUBJECT ADDED ENTRY--TOPICAL TERM
Topical Term Liquid N R
650 ## - SUBJECT ADDED ENTRY--TOPICAL TERM
Topical Term N R latex products
650 ## - SUBJECT ADDED ENTRY--TOPICAL TERM
Topical Term N R processing
650 ## - SUBJECT ADDED ENTRY--TOPICAL TERM
Topical Term Nitrosamines
650 ## - SUBJECT ADDED ENTRY--TOPICAL TERM
Topical Term Pretein allergy
650 ## - SUBJECT ADDED ENTRY--TOPICAL TERM
Topical Term Rubber engineering
650 ## - SUBJECT ADDED ENTRY--TOPICAL TERM
Topical Term Rubber serum
650 ## - SUBJECT ADDED ENTRY--TOPICAL TERM
Topical Term Thermoplastic elastomer natural rubber
650 ## - SUBJECT ADDED ENTRY--TOPICAL TERM
Topical Term Tyre
700 ## - ADDED ENTRY--PERSONAL NAME
Personal name Kadir, Abdul Aziz bin S A
942 ## - ADDED ENTRY ELEMENTS (KOHA)
Koha item type Books
Holdings
Withdrawn status Lost status Damaged status Not for loan Home library Current library Date acquired Cost, normal purchase price Full call number Accession Number Koha item type
        RRII Library RRII Library 16/12/2021 310.00 NR:063RT1993 RRM;1 21154 Books